01733nam a22002537a 4500003000400000005001700004008004100021020001500062040000700077050001400084100001700098245005800115250001200173260004200185300003500227500002300262505094000285650003401225650004201259650002201301942001201323999001601335952012801351OSt20220317103630.0140911b xxu||||| |||| 00| 0 eng d a9988824033 cLC aDT507.K98 aKwadwo, Osei aAn outline of Asante history, part 1. /cOsei Kwadwo. a3rd ed. aKumasi:bO. Kwadwo Enterprise,c2004. aviii, 209 p. :bill. ;c19 cm. a?? Includes index. a?? Contents: Section I: The Sudanese states and empires: A portrait of Ancient Ghana -- Islam and the fall of Ghana -- The Rise of Mali -- Mansa Musa of Mali -- The Reign of Sunni Ali of Songhai -- The Fall Of the Empire of Songhai -- The Hausa states and the Fulani Jihad -- Section II: The states and kingdoms of the forest and Guinea Coast: The States of the Volta basin The early Akan states -- The Early coastal states -- The rise of the Asante empire -- The decline of Asante -- The Kingdom of Dahomey -- The Culture and civilization of Oyo -- Oyo in the nineteenth century -- Section III: Europe and west Africa: The Coming of the Europeans -- The Atlantic Slave Trade -- The Era of Abolition and exploration -- The Humanitarians and the west coast -- The traders and the west coast -- The partition of Africa -- The colonial powers and west Africa -- The Rise of the present nation- states of west Africa for further reading. aAshanti (Kingdom) -- History. aAshanti (African people) -- History.  aGhana -- History. 2lcccBK c7534d15034 00102lcc4070aWIUC-KLbWIUC-KLcGENd2019-11-18eSTMoDT507.K98(3e)pK/2526/2526/19r2020-07-24 00:00:00w2020-07-24yBK